Guide pratique du tournage vidéo (Record no. 54590)

MARC details
000 -LEADER
fixed length control field 00551nam a22001937a 4500
007 - PHYSICAL DESCRIPTION FIXED FIELD--GENERAL INFORMATION
fixed length control field 00
008 - FIXED-LENGTH DATA ELEMENTS--GENERAL INFORMATION
fixed length control field 160615b xxu||||| |||| 00| 0 eng d
020 ## - INTERNATIONAL STANDARD BOOK NUMBER
International Standard Book Number 978-2-10-051021-4
040 ## - CATALOGING SOURCE
Original cataloging agency BUAC
Transcribing agency BUC
041 ## - LANGUAGE CODE
Language code of text/sound track or separate title Fre.
100 ## - MAIN ENTRY--PERSONAL NAME
Personal name Pointhus, Olivier
245 ## - TITLE STATEMENT
Title Guide pratique du tournage vidéo
Statement of responsibility, etc /par Olivier Pointhus
260 ## - PUBLICATION, DISTRIBUTION, ETC. (IMPRINT)
Place of publication, distribution, etc Paris :
Name of publisher, distributor, etc Dunod,
Date of publication, distribution, etc 2008
300 ## - PHYSICAL DESCRIPTION
Extent 134 p.
Other physical details Couv. ill. en coul
Dimensions 21 cm .
521 ## - TARGET AUDIENCE NOTE
Target audience note Bibliogr. p. 131 ; Index. pp. 133 -135
630 ## - SUBJECT ADDED ENTRY--UNIFORM TITLE
Uniform title SCIENCES APPLIQUEES
650 ## - SUBJECT ADDED ENTRY--TOPICAL TERM
Source of heading or term Vidéo : tournage
942 ## - ADDED ENTRY ELEMENTS (KOHA)
Item type Livre
Holdings
Withdrawn status Lost status Damaged status Not for loan Location (home branch) Sublocation or collection (holding branch) Date acquired Source of acquisition Coded location qualifier Koha issues (times borrowed) Koha full call number Piece designation (barcode) Koha date last seen Copy number Price effective from Koha item type
        Bibliothèque Universitaire Centrale Bibliothèque Universitaire Centrale 11/06/2015 Don ARES 16/446   621.397 PON 16-446BUC 15/06/2016 1 15/06/2016 Livre
        Bibliothèque Universitaire Centrale Bibliothèque Universitaire Centrale 11/06/2015 Don ARES 16/600   621.397 PON 16-600BUC 15/06/2016 2 15/06/2016 Livre


© 2008, Bibliothèques de l'Université d'Abomey-Calavi

04 BP 789 Cotonou, Tél. : +229 21 36 01 01, Fax : +229 21 35 06 32

Courriel : bu@bu.uac.bj